000
00302nam a22001337a 4500
008
170608b xxu||||| |||| 00| 0 eng d
020
_a
9780155035799
041
_a
eng
080
_2
4TH
_a
93
100
_a
17
101
_a
SHH
245
_a
HUMAN EVOLUTION AND PREHISTORY
_c
HAVILAND
942
_2
udc
_c
BK
999
_c
16390
_d
16390